| 000 | 01612nam0a2200385 i 4500 | ||
|---|---|---|---|
| 001 | RU\NLR\bibl\1932370 | ||
| 005 | 20241103093256.0 | ||
| 010 | _a9785382013664 | ||
| 021 |
_aRU _b2012-52734 _93848 |
||
| 035 | _a(NLR Aleph) 001921717 | ||
| 090 |
_a3315422 _c3315422 |
||
| 100 | _a20120807d2012 u y0rusy50 ca | ||
| 101 | 1 |
_arus _ceng |
|
| 102 | _aRU | ||
| 105 | _ay ||||||||| | ||
| 200 | 1 |
_aПсихолингвистика _dPsycholinguistics _eключевые концепты _eэнциклопедия терминов с английскими эквивалентами _fДж. Филд _gпер. с англ. к.психол.н. И.В. Журавлева и к.филол.н. Ю.Э. Леви _gобщ. ред. пер. И.В. Журавлева _zeng |
|
| 210 |
_aМосква _cURSS _cЛКИ _d2012 |
||
| 215 |
_a343 с. _d22 |
||
| 300 | _aАвт. также на англ. яз.: John Field | ||
| 320 | _aБиблиогр.: с. 314-328 | ||
| 320 | _aПредм. указ.: с. 329-343 | ||
| 510 | 0 |
_6z45790 _aPsycholinguistics _zeng |
|
| 606 |
_aЯзыкознание _jТерминологические словари _9911558 _3RU\NLR\AUTH\6613279 |
||
| 606 |
_aПсихолингвистика _jТерминологические словари _9957276 _3RU\NLR\auth\66356957 |
||
| 686 | 1 | _aЮ935.132-46я212 | |
| 686 | 1 | _aШ100.42 | |
| 686 | 1 | _aШ10я212 | |
| 700 | 1 |
_aФилд _bДж. _gДжон _4070 |
|
| 790 | 1 |
_6z45510 _aField _bJ. _gJohn _4070 |
|
| 801 | 0 |
_aRU _bNLR _c20120807 _gRCR |
|
| 801 | 1 |
_aRU _bNLR _c20120807 |
|
| 942 | _cBOOK | ||
| 980 | _aNBR | ||